Comuni della Liguria (con mappa) - Statistics

Statistiche generali
  • Questo quiz è stato fatto 2.887 volte
  • Il punteggio medio è 53 su 234
Risposte nella Mappa
Le risposte nella mappa del quiz sottostante sono codificate secondo una scala di colori dal rosso al verde in base alla % di persone che hanno risposto correttamente.
 
Statistiche sulle risposte
Comuni % Corretto
Genova
95%
Imperia
92%
La Spezia
92%
Savona
92%
Sanremo
86%
Ventimiglia
83%
Portofino
71%
Chiavari
64%
Rapallo
64%
Sestri Levante
64%
Albenga
63%
Alassio
62%
Finale Ligure
60%
Santa Margherita Ligure
57%
Varazze
57%
Camogli
55%
Recco
54%
Sarzana
54%
Arenzano
53%
Bordighera
51%
Lavagna
51%
Loano
49%
Pietra Ligure
49%
Porto Venere
49%
Vernazza
47%
Cogoleto
46%
Lerici
45%
Taggia
45%
Riomaggiore
44%
Spotorno
44%
Andora
43%
Monterosso al Mare
43%
Noli
43%
Celle Ligure
42%
Levanto
42%
Vado Ligure
42%
Albissola Marina
41%
Diano Marina
41%
Bogliasco
40%
Cairo Montenotte
38%
Laigueglia
37%
Ne
37%
Busalla
36%
Borghetto Santo Spirito
35%
Sori
35%
Zoagli
35%
Albisola Superiore
34%
Moneglia
34%
Ospedaletti
34%
Bergeggi
33%
Deiva Marina
33%
Ceriale
32%
Varese Ligure
32%
Bonassola
30%
Cervo
30%
Masone
30%
San Bartolomeo al Mare
30%
Borgio Verezzi
29%
Luni
29%
Mele
29%
Pieve Ligure
29%
Ronco Scrivia
29%
San Lorenzo al Mare
29%
Santo Stefano di Magra
29%
Altare
27%
Campo Ligure
27%
Carcare
27%
Santo Stefano d'Aveto
27%
Ameglia
25%
Dolceacqua
25%
Santo Stefano al Mare
25%
Stella
25%
Triora
25%
Carro
24%
Framura
24%
Millesimo
24%
Rossiglione
24%
Sassello
24%
Isola del Cantone
23%
Vallecrosia
23%
Brugnato
22%
Quiliano
22%
Sant'Olcese
22%
Arcola
21%
Campomorone
21%
Camporosso
21%
Carrodano
21%
Serra Riccò
21%
Borghetto di Vara
20%
Borzonasca
20%
Casarza Ligure
20%
Rezzo
20%
Torriglia
20%
Vezzano Ligure
20%
Casella
19%
Pigna
19%
Calizzano
18%
Carasco
18%
Castiglione Chiavarese
18%
Diano Castello
18%
Seborga
18%
Toirano
18%
Bargagli
17%
Castelnuovo Magra
17%
Sesta Godano
17%
Apricale
16%
Rezzoaglio
16%
Villanova d'Albenga
16%
Beverino
15%
Cengio
15%
Dego
15%
Follo
15%
Orco Feglino
15%
Pieve di Teco
15%
Riva Ligure
15%
Airole
14%
Bardineto
14%
Bolano
14%
Calice Ligure
14%
Ceranesi
14%
Cogorno
14%
Mallare
14%
Mignanego
14%
Piana Crixia
14%
Riccò del Golfo di Spezia
14%
Rocchetta di Vara
14%
Urbe
14%
Uscio
14%
Zignago
14%
Avegno
13%
Badalucco
13%
Boissano
13%
Cicagna
13%
Cipressa
13%
Cisano sul Neva
13%
Davagna
13%
Leivi
13%
Montoggio
13%
Olivetta San Michele
13%
Pallare
13%
Pignone
13%
Pontinvrea
13%
Savignone
13%
Tiglieto
13%
Zuccarello
13%
Bajardo
12%
Bormida
12%
Calice al Cornoviglio
12%
Crocefieschi
12%
Dolcedo
12%
Lumarzo
12%
Maissana
12%
Molini di Triora
12%
Osiglia
12%
Pontedassio
12%
Vobbia
12%
Castel Vittorio
11%
Ceriana
11%
Garlenda
11%
Ortovero
11%
Rovegno
11%
San Colombano Certenoli
11%
Stellanello
11%
Balestrino
10%
Borgomaro
10%
Costarainera
10%
Diano Arentino
10%
Diano San Pietro
10%
Erli
10%
Fascia
10%
Fontanigorda
10%
Giusvalla
10%
Gorreto
10%
Isolabona
10%
Moconesi
10%
Montebruno
10%
Nasino
10%
Neirone
10%
Perinaldo
10%
Pornassio
10%
Propata
10%
Rocchetta Nervina
10%
Testico
10%
Valbrevenna
10%
Aquila d'Arroscia
9%
Borghetto d'Arroscia
9%
Casanova Lerrone
9%
Castelbianco
9%
Castellaro
9%
Castelvecchio di Rocca Barbena
9%
Chiusanico
9%
Civezza
9%
Coreglia Ligure
9%
Cosio di Arroscia
9%
Mendatica
9%
Mezzanego
9%
Mioglia
9%
Orero
9%
Pompeiana
9%
Rondanina
9%
Tovo San Giacomo
9%
Vessalico
9%
Cesio
8%
Chiusavecchia
8%
Favale di Malvaro
8%
Giustenice
8%
Lorsica
8%
Magliolo
8%
Massimino
8%
Montegrosso Pian Latte
8%
Murialdo
8%
Pietrabruna
8%
Ranzo
8%
San Biagio della Cima
8%
Terzorio
8%
Vallebona
8%
Vezzi Portio
8%
Villa Faraldi
8%
Armo
7%
Arnasco
7%
Aurigo
7%
Caravonica
7%
Cosseria
7%
Lucinasco
7%
Montalto Carpasio
7%
Onzo
7%
Prelà
7%
Rialto
7%
Roccavignale
7%
Soldano
7%
Vasia
7%
Vendone
7%
Plodio
6%
Tribogna
5%
Nessun quiz corrispondente trovato
Distribuzione punteggi
Percentuale di utenti per punteggio
Percentile per numero di risposta
I tuoi punteggi nel tempo
Non hai fatto questo quiz